000 00794cam a2200217 a 4500
001 15043977
005 20250714161322.0
008 071015s2008 miu b 001 0 eng
020 _a9780801035524
_qpbk.
020 _a080103552X
_qpbk.
050 0 0 _aBT98
_b.E54 2008
082 0 0 _a231
_222
245 0 0 _aEngaging the doctrine of God :
_bcontemporary Protestant perspectives /
_cedited by Bruce L. McCormack.
260 _aGrand Rapids, Mich. :
_bBaker Academic ;
_aEdinburgh :
_bRutherford House,
_cc2008.
300 _a271 p. ;
_c23 cm.
650 0 _aGod (Christianity)
_xHistory of doctrines.
650 0 _aProtestant churches
_xDoctrines
_xHistory.
700 1 _aMcCormack, Bruce L.
856 4 1 _3Table of contents
_uhttp://www.loc.gov/catdir/toc/fy0804/2007042766.html
942 _2lcc
_cBK
_n0
999 _c6966
_d6966